| 000 | 00551nam a22001937a 4500 | ||
|---|---|---|---|
| 005 | 20260604122338.0 | ||
| 010 | _aENG-148748 | ||
| 020 |
_a9789347435782 _c399.00 |
||
| 035 | _aEN-132280 | ||
| 037 | _bDBAD | ||
| 082 |
_a881 _21 |
||
| 100 |
_aSapra, Shyla Kumar _989300 |
||
| 245 |
_aWhere i Am From/ _cShyla Kumar Sapra |
||
| 250 | _a1 | ||
| 260 |
_aNew Delhi _bHar Anand Publication _c2026 |
||
| 270 |
_aE-49/3, Okhla Industrial Area, Phase-II, _bNew Delhi _e110020 |
||
| 300 |
_a143p. _c22cm(hb) |
||
| 942 |
_2ddc _cEN _h881 _mSAP |
||
| 999 |
_c216495 _d216495 |
||